Bezpečnosť a ochrana zdravia pri práci vo vybranom podniku diplomová práca

Saved in:
Bibliographic Details
Main Author: Kóňová, Soňa
Corporate Author: Fakulta podnikového manažmentu EU. Katedra manažmentu
Other Authors: Matkovčíková, Natália, 1982-
Format: Book
Language:Slovak
Published: Bratislava 2021
Tags: Add Tag
No Tags, Be the first to tag this record!

MARC

LEADER 00000nbm a2200000 4500
001 0275702
005 20211125104929.5
041 0 |a slo 
044 |a SK 
245 1 0 |a Bezpečnosť a ochrana zdravia pri práci vo vybranom podniku  |b diplomová práca  |c Soňa Kóňová ; školiteľ: Natália Matkovčíková 
264 1 |a Bratislava  |c 2021 
300 |a 70 s. 
100 1 |a Kóňová, Soňa 
700 1 |a Matkovčíková, Natália, 1982- 
710 2 |a Fakulta podnikového manažmentu EU. Katedra manažmentu